000
00327nam a2200121 a 4500
005
20140513081055.0
008
051004s19uu xx 00 eng d
050
_a
VCD
_b
Su959 1982
245
_a
Superbook 8.
260
_b
CBN Asia,
_c
1982.
_a
Philippines :
500
_a
Titles: Mother's day, The Patience of Job
999
_c
116453
_d
116453